| 000 | 00405nam a22001337a 4500 | ||
|---|---|---|---|
| 020 | _a0-07-039931-X | ||
| 082 | _a621.381535 DAI'O | ||
| 100 |
_aDAILEY, D. J _967084 |
||
| 245 | _aOPEARTIONAL AMPLIFIERS AND LINEAR INTEGRATED CIRCUITS, THOERY AND APPLIACTION | ||
| 260 |
_aNEWYORK _bMCGRAW HILL _c1989 |
||
| 300 | _a418P | ||
| 650 |
_aOPEARTIONAL AMPLIFIER LINEAR INTEGRATED CIRCUITS _967085 |
||
| 942 | _cBK | ||
| 999 |
_c574935 _d574935 |
||